[Event "Oberliga Sued W 2122"]
[Site "Germany"]
[Date "2022.03.13"]
[Round "7.5"]
[White "Unbehend, Marius"]
[Black "Vogel, Christian"]
[Result "0-1"]
[WhiteElo "1577"]
[BlackElo "2187"]
[PlyCount "108"]
[EventDate "2021.10.24"]
[EventType "team-tourn"]
[EventRounds "9"]
[EventCountry "GER"]
[SourceTitle "EXT 2023"]
[Source "ChessBase"]
[SourceDate "2022.10.05"]
[SourceVersion "1"]
[SourceVersionDate "2022.10.05"]
[SourceQuality "1"]
[WhiteTeam "St Ingbert"]
[BlackTeam "Saarbruecken"]
[WhiteTeamCountry "GER"]
[BlackTeamCountry "GER"]

1. e4 c5 2. d4 e6 3. c3 b6 4. Nf3 Bb7 5. e5 Nc6 6. Be2 Nge7 7. Bg5 d6 8. 0-0 dxe5 9. dxe5 Qxd1 10. Rxd1 Ng6 11. Na3 h6 12. Nb5 hxg5 13. Nc7+ Ke7 14. Nxa8 Bxa8 15. Nxg5 Ncxe5 16. Rd2 Nf4 17. f3 f6 18. Ne4 Bxe4 19. fxe4 Nxe2+ 20. Rxe2 g5 21. a4 g4 22. a5 b5 23. a6 Bh6 24. Ra5 Bf4 25. Rxb5 Bxh2+ 26. Kf1 Rd8 27. Rb7+ Rd7 28. Rd2 Rxb7 29. axb7 Nc6 30. g3 Bxg3 31. Rg2 Bc7 32. Rxg4 Nd8 33. Rg7+ Kd6 34. Rg6 Nxb7 35. Rxf6 Na5 36. Ke1 Nc4 37. Rf2 Ke5 38. Re2 Ba5 39. Kd1 Nd6 40. Kc2 c4 41. b3 cxb3+ 42. Kxb3 Nxe4 43. c4 Kd4 44. Rh2 Nc5+ 45. Ka3 Kxc4 46. Rh4+ Kc3 47. Rh3+ Nd3 48. Ka4 Bb6 49. Kb5 e5 50. Rh1 e4 51. Rh2 e3 52. Re2 Nf4 53. Rxe3+ Bxe3 54. Ka6 Kb4 0-1

[Event "Oberliga Sued W 2122"]
[Site "Germany"]
[Date "2021.11.14"]
[Round "2.4"]
[White "Biehler, Thomas"]
[Black "Vogel, Christian"]
[Result "1-0"]
[WhiteElo "2243"]
[BlackElo "2187"]
[PlyCount "119"]
[EventDate "2021.10.24"]
[EventType "team-tourn"]
[EventRounds "9"]
[EventCountry "GER"]
[SourceTitle "EXT 2023"]
[Source "ChessBase"]
[SourceDate "2022.10.05"]
[SourceVersion "1"]
[SourceVersionDate "2022.10.05"]
[SourceQuality "1"]
[WhiteTeam "Illingen Turm"]
[BlackTeam "Saarbruecken"]
[WhiteTeamCountry "GER"]
[BlackTeamCountry "GER"]

1. c4 g6 2. Nc3 Bg7 3. g3 f5 4. d4 Nf6 5. Bg2 0-0 6. Nf3 d6 7. 0-0 Qe8 8. b3 Na6 9. Ba3 h6 10. b4 c6 11. Rc1 Nc7 12. d5 Bd7 13. Nd4 cxd5 14. Nxd5 Nfxd5 15. cxd5 Ba4 16. Qd2 Bxd4 17. Rxc7 Bg7 18. Rxb7 Rc8 19. Rc1 Rxc1+ 20. Qxc1 a6 21. Bb2 Bxb2 22. Qxb2 Qf7 23. Qd4 Bb5 24. Qe3 f4 25. gxf4 Qxf4 26. Qxf4 Rxf4 27. e4 Kf7 28. f3 Kf6 29. Kf2 g5 30. Ke3 Rh4 31. h3 h5 32. Ra7 g4 33. hxg4 hxg4 34. f4 Rh2 35. Kf2 Rh8 36. a4 Bc4 37. Rc7 Bb3 38. b5 axb5 39. axb5 Ra8 40. b6 Ra2+ 41. Kg3 Bd1 42. b7 Ra3+ 43. Kf2 Rb3 44. e5+ dxe5 45. fxe5+ Kxe5 46. d6 exd6 47. Rc8 g3+ 48. Ke1 Bg4 49. b8Q Re3+ 50. Kf1 Bxc8 51. Qxc8 Kd4 52. Qc6 Rc3 53. Qd5+ Ke3 54. Qe6+ Kd2 55. Qxd6+ Rd3 56. Qf4+ Re3 57. Be4 g2+ 58. Kxg2 Kd1 59. Bc2+ Kd2 60. Kf2 1-0

[Event "Oberliga Sued W 1920"]
[Site "Germany"]
[Date "2020.02.09"]
[Round "6.3"]
[White "Oliwa, Patryk"]
[Black "Vogel, Christian"]
[Result "1-0"]
[WhiteElo "2251"]
[BlackElo "2211"]
[PlyCount "73"]
[EventDate "2019.09.29"]
[EventType "team-tourn"]
[EventRounds "9"]
[EventCountry "GER"]
[SourceTitle "EXT 2021"]
[Source "ChessBase"]
[SourceDate "2020.10.23"]
[SourceVersion "1"]
[SourceVersionDate "2020.10.23"]
[SourceQuality "1"]

1. d4 g6 2. h4 Nf6 3. Nc3 d5 4. Bg5 Nbd7 5. h5 Nxh5 6. Nxd5 c6 7. Nc3 Bg7 8. Qd2 h6 9. Bh4 g5 10. g4 Nf4 11. Bg3 Ng6 12. f3 Nb6 13. e3 e5 14. Ne4 Be6 15. 0-0-0 Qe7 16. dxe5 Nxe5 17. Nd6+ Kf8 18. Qh2 Bc8 19. e4 Na4 20. c3 Qf6 21. Qd2 Be6 22. Nf5 Bxf5 23. gxf5 Nc5 24. f4 gxf4 25. Bh4 Nxe4 26. Bxf6 Nxd2 27. Bxe5 Ne4 28. Bxg7+ Kxg7 29. Nh3 Kf6 30. Nxf4 Nf2 31. Nh5+ Kg5 32. Rg1+ Kxh5 33. Rd4 Rhg8 34. Be2+ Ng4 35. Rdxg4 Rxg4 36. Rxg4 Re8 37. Re4+ 1-0

[Event "Oberliga Sued W 1819"]
[Site "Germany"]
[Date "2018.11.11"]
[Round "2.5"]
[White "Vogel, Christian"]
[Black "Brueckner, Eike"]
[Result "1-0"]
[WhiteElo "2191"]
[BlackElo "2090"]
[PlyCount "53"]
[EventDate "2018.10.21"]
[EventType "team-tourn"]
[EventRounds "9"]
[EventCountry "GER"]
[SourceTitle "EXT 2020"]
[Source "ChessBase"]
[SourceDate "2019.10.17"]
[SourceVersion "1"]
[SourceVersionDate "2019.10.17"]
[SourceQuality "1"]
[WhiteTeam "Saarbruecken Gambit"]
[BlackTeam "Gau Algesheim"]
[WhiteTeamCountry "GER"]
[BlackTeamCountry "GER"]

1. Nf3 d5 2. g3 g6 3. Bg2 Bg7 4. 0-0 e5 5. d3 Ne7 6. e4 dxe4 7. dxe4 0-0 8. Qe2 c6 9. a4 a5 10. Na3 Nd7 11. Bh3 Nc5 12. Bxc8 Nxc8 13. Nc4 Qc7 14. Rd1 Re8 15. h4 h6 16. Nh2 Kh7 17. h5 Ne6 18. c3 Nb6 19. Nxb6 Qxb6 20. Be3 Qc7 21. Ng4 gxh5 22. Nxh6 Bxh6 23. Qxh5 Nf4 24. Qf5+ Ng6 25. Rd7 Qc8 26. Qxf7+ Kh8 27. Qh7# 1-0

[Event "Oberliga Sued W 1819"]
[Site "Germany"]
[Date "2018.10.21"]
[Round "1.5"]
[White "Sahm, Philipp"]
[Black "Vogel, Christian"]
[Result "0-1"]
[WhiteElo "2066"]
[BlackElo "2191"]
[PlyCount "142"]
[EventDate "2018.10.21"]
[EventType "team-tourn"]
[EventRounds "9"]
[EventCountry "GER"]
[SourceTitle "EXT 2020"]
[Source "ChessBase"]
[SourceDate "2019.10.17"]
[SourceVersion "1"]
[SourceVersionDate "2019.10.17"]
[SourceQuality "1"]
[WhiteTeam "Winterbach Turm"]
[BlackTeam "Saarbruecken Gambit"]
[WhiteTeamCountry "GER"]
[BlackTeamCountry "GER"]

1. Nc3 d5 2. d4 c6 3. Bg5 Qb6 4. Qd2 Nd7 5. e4 dxe4 6. d5 Ngf6 7. Bc4 cxd5 8. Bxd5 e6 9. Bb3 Bb4 10. Nge2 0-0 11. 0-0-0 a5 12. Qf4 e5 13. Qh4 Qc6 14. Ba4 Qa6 15. a3 Bxc3 16. Nxc3 Nc5 17. Bb5 Qe6 18. Rhe1 Qg4 19. Bxf6 gxf6 20. Qxg4+ Bxg4 21. Rd5 Rac8 22. Nxe4 Nxe4 23. Rxe4 Be6 24. Rd6 Rc5 25. a4 Rfc8 26. c3 Kf8 27. Rh4 Kg7 28. Rd3 Bf5 29. Rg3+ Kf8 30. Bd3 Bg6 31. Bxg6 hxg6 32. Rh8+ Ke7 33. Rxc8 Rxc8 34. Rd3 Ke6 35. Kd2 f5 36. b3 Rh8 37. h3 f4 38. Ke2 f5 39. c4 Rc8 40. Rd5 b6 41. f3 Rc5 42. Rd8 Rc6 43. Rd5 Rd6 44. Rb5 e4 45. c5 bxc5 46. Rxc5 Rb6 47. Rxa5 Rxb3 48. Ra6+ Ke5 49. Rxg6 Rb2+ 50. Kd1 Ra2 51. h4 Rxa4 52. h5 Kd4 53. h6 Kd3 54. Rd6+ Ke3 55. h7 Ra1+ 56. Kc2 Rh1 57. Rf6 Rxh7 58. Rxf5 exf3 59. gxf3 Rd7 60. Rf6 Kxf3 61. Rf8 Ke3 62. Re8+ Kf2 63. Rf8 f3 64. Rf6 Rd5 65. Rf8 Kg2 66. Rg8+ Kf1 67. Rf8 f2 68. Rf6 Kg2 69. Rg6+ Kf3 70. Rf6+ Kg3 71. Rg6+ Kf4 0-1

[Event "Leipzig VfB op 24th"]
[Site "Leipzig"]
[Date "2017.03.22"]
[Round "3"]
[White "Knuepfer, Tim"]
[Black "Vogel, Christian"]
[Result "1-0"]
[WhiteElo "1795"]
[BlackElo "1314"]
[PlyCount "27"]
[EventDate "2017.03.21"]
[EventType "swiss"]
[EventRounds "9"]
[EventCountry "GER"]
[SourceTitle "EXT 2018"]
[Source "ChessBase"]
[SourceDate "2017.10.13"]
[SourceVersion "1"]
[SourceVersionDate "2017.10.13"]
[SourceQuality "1"]

1. e4 Nf6 2. Nc3 e5 3. Nf3 Nc6 4. Bc4 Nxe4 5. Bxf7+ Kxf7 6. Nxe4 d5 7. Neg5+ Kg8 8. d3 h6 9. Nh3 Bg4 10. c3 e4 11. dxe4 dxe4 12. Qb3+ Kh7 13. Nhg5+ hxg5 14. Bxg5 1-0

[Event "Oberliga Sued W 1415"]
[Site "Germany"]
[Date "2015.02.01"]
[Round "6.5"]
[White "Lang, Torsten"]
[Black "Vogel, Christian"]
[Result "1-0"]
[WhiteElo "2325"]
[BlackElo "2162"]
[PlyCount "75"]
[EventDate "2014.09.21"]
[EventType "team-tourn"]
[EventRounds "9"]
[EventCountry "GER"]
[SourceTitle "EXT 2019"]
[Source "ChessBase"]
[SourceDate "2018.10.10"]
[SourceVersion "1"]
[SourceVersionDate "2018.10.10"]
[SourceQuality "1"]
[WhiteTeam "Landau"]
[BlackTeam "Saarbruecken SVG"]
[WhiteTeamCountry "GER"]
[BlackTeamCountry "GER"]

1. d4 Nf6 2. Nf3 c5 3. d5 g6 4. Nc3 Bg7 5. g3 0-0 6. Bg2 d6 7. 0-0 Na6 8. Nd2 Rb8 9. a4 Nb4 10. Nc4 b6 11. Re1 Bb7 12. e4 Re8 13. Bf4 Nh5 14. Bg5 h6 15. Be3 e6 16. Nb5 exd5 17. exd5 Bf8 18. c3 Na6 19. Nxa7 Nf6 20. Qd3 Nc7 21. Nc6 Bxc6 22. dxc6 d5 23. Bf4 Re7 24. Ne3 c4 25. Nxc4 b5 26. Na5 bxa4 27. Nb7 Rxe1+ 28. Rxe1 Qc8 29. Qd4 Bg7 30. Qb6 Na8 31. Qa7 Nc7 32. Nd6 Qd8 33. Nxf7 Kxf7 34. Bxc7 Ra8 35. Qb7 Qc8 36. Be5+ Kf8 37. Bxd5 Qxb7 38. Bd6+ 1-0

[Event "Oberliga Sued W 1314"]
[Site "Germany"]
[Date "2014.03.16"]
[Round "8.7"]
[White "Vogel, Christian"]
[Black "Becker, Matthias"]
[Result "1-0"]
[WhiteElo "2152"]
[BlackElo "1956"]
[PlyCount "85"]
[EventDate "2013.10.13"]
[EventType "team-tourn"]
[EventRounds "9"]
[EventCountry "GER"]
[SourceTitle "EXT 2015"]
[Source "ChessBase"]
[SourceDate "2014.11.20"]
[SourceVersion "1"]
[SourceVersionDate "2014.11.20"]
[SourceQuality "1"]
[WhiteTeam "Saarbruecken"]
[BlackTeam "Gau Algesheim"]
[WhiteTeamCountry "GER"]
[BlackTeamCountry "GER"]

1. Nf3 Nf6 2. g3 g6 3. b3 Bg7 4. Bb2 d6 5. d4 0-0 6. Bg2 Nbd7 7. 0-0 c6 8. Nbd2 d5 9. c4 e6 10. Qc2 Re8 11. Rad1 Qc7 12. Rfe1 b6 13. e4 dxe4 14. Nxe4 Nxe4 15. Qxe4 Bb7 16. Ne5 Nxe5 17. dxe5 Bf8 18. Bc1 Be7 19. h4 Rad8 20. Bg5 Rxd1 21. Rxd1 Bxg5 22. hxg5 Qe7 23. Qf4 Rd8 24. Rd6 Rc8 25. Qd2 Rc7 26. Rd8+ Kg7 27. Rb8 Bc8 28. Qf4 Qd7 29. Qf6+ Kg8 30. Bf3 Rb7 31. Ra8 Rc7 32. b4 Qd4 33. b5 cxb5 34. cxb5 Rc1+ 35. Kg2 Rc7 36. Bc6 Qd1 37. a4 Qd4 38. Kh2 Qd1 39. Rb8 Qh5+ 40. Kg1 Qd1+ 41. Kg2 Qd4 42. Be8 Qc5 43. Rxc8 1-0

[Event "Griesheim op"]
[Site "Griesheim"]
[Date "2011.05.??"]
[Round "5"]
[White "Vogel, Christian"]
[Black "Boetticher, Tim"]
[Result "1/2-1/2"]
[WhiteElo "2196"]
[BlackElo "2056"]
[PlyCount "108"]
[EventDate "2011.05.??"]
[EventType "swiss"]
[EventRounds "5"]
[EventCountry "GER"]
[SourceTitle "CBM 142 Extra"]
[Source "ChessBase"]
[SourceDate "2011.06.27"]
[SourceVersion "1"]
[SourceVersionDate "2011.06.27"]
[SourceQuality "1"]

1. e4 e5 2. Nf3 Nc6 3. Bb5 a6 4. Bxc6 dxc6 5. d4 exd4 6. Qxd4 Qxd4 7. Nxd4 Bd7 8. Be3 0-0-0 9. Nc3 Bb4 10. Nde2 Ne7 11. 0-0-0 Ng6 12. a3 Bd6 13. f4 f6 14. Rhf1 Ne7 15. Nd4 c5 16. Nf3 Rhe8 17. Rde1 Nc6 18. g3 Bh3 19. Rf2 Bf8 20. f5 Bg4 21. Nd2 Nd4 22. Rff1 c6 23. Rf4 h5 24. Rff1 Bh3 25. Rf2 Bd6 26. Nc4 Bc7 27. Bd2 b5 28. Ne3 a5 29. Ng2 Bxg2 30. Rxg2 Nf3 31. Rf2 Ne5 32. Bf4 c4 33. Bxe5 Bxe5 34. Rff1 Rd7 35. Ne2 Red8 36. Nf4 Bxf4+ 37. gxf4 Kc7 38. e5 Rd5 39. Rd1 fxe5 40. fxe5 Rxe5 41. Rxd8 Kxd8 42. f6 gxf6 43. Rxf6 Kd7 44. Rh6 Rf5 45. c3 Rg5 46. Kc2 Kc7 47. Kb1 Kb6 48. h4 Rf5 49. Ka2 Kc5 50. Kb1 Kd5 51. Kc2 Kc5 52. Kd2 Kd5 53. Ke3 Kc5 54. Ke4 Rd5 1/2-1/2

[Event "Oberliga Sued W 1011"]
[Site "Germany"]
[Date "2011.03.20"]
[Round "8.6"]
[White "Rueckert, Helge"]
[Black "Vogel, Christian"]
[Result "1-0"]
[WhiteElo "1905"]
[BlackElo "2109"]
[PlyCount "169"]
[EventDate "2010.10.10"]
[EventType "team-tourn"]
[EventRounds "9"]
[EventCountry "GER"]
[SourceTitle "EXT 2012"]
[Source "ChessBase"]
[SourceDate "2011.11.24"]
[SourceVersion "1"]
[SourceVersionDate "2011.11.24"]
[SourceQuality "1"]
[WhiteTeam "Illingen"]
[BlackTeam "Saarbruecken SVG"]
[WhiteTeamCountry "GER"]
[BlackTeamCountry "GER"]

1. d4 Nf6 2. c4 g6 3. Nc3 Bg7 4. e4 d6 5. h3 0-0 6. Bg5 c5 7. d5 b5 8. cxb5 a6 9. bxa6 Qa5 10. Qd2 Qb4 11. a3 Qb3 12. Nge2 Nbd7 13. Nc1 Qb6 14. Rb1 Bxa6 15. Bxa6 Qxa6 16. Nd3 Rfb8 17. 0-0 Rb3 18. Rfe1 Rab8 19. Nc1 R3b7 20. f4 h6 21. Bh4 Nb6 22. e5 Nc4 23. Qd3 Nh5 24. Re4 Rxb2 25. Rxb2 Rxb2 26. Qxc4 Qxa3 27. N1e2 Qa1+ 28. Kh2 g5 29. fxg5 hxg5 30. Bxg5 Rb4 31. Qd3 Rxe4 32. Nxe4 Qxe5+ 33. g3 f5 34. Nf2 Bf6 35. Bd2 e6 36. dxe6 Qxe6 37. Qf3 Ng7 38. Nf4 Qa2 39. Qd5+ Qxd5 40. Nxd5 Bd4 41. Nd3 Ne6 42. Ne7+ Kf8 43. Nxf5 c4 44. Nb4 Be5 45. Kg2 Nc5 46. Bf4 Bxf4 47. gxf4 Ne6 48. Kf3 c3 49. Ne3 d5 50. Nec2 Nc7 51. Ke3 Kf7 52. Kd3 Ke6 53. Nd4+ Kf6 54. Kxc3 Kg6 55. Kd3 Kh5 56. Nf3 Kg6 57. Ke3 Kf5 58. Nh4+ Kf6 59. Kf3 Ke6 60. Ng2 d4 61. Ke4 Nb5 62. Nc2 Nc3+ 63. Kxd4 Nd1 64. Nce3 Nf2 65. f5+ Kf7 66. Nf4 Kf6 67. Ng4+ Kxf5 68. Nxf2 Kxf4 69. Kd3 Kf3 70. Kd2 Kg3 71. Ke3 Kh4 72. Kf3 Kh5 73. Kg3 Kg5 74. Nd3 Kh5 75. Kf4 Kh4 76. Nf2 Kh5 77. Kf5 Kh6 78. Kg4 Kg6 79. Nd3 Kh6 80. Nf4 Kg7 81. Kh5 Kh7 82. Ne6 Kg8 83. Kh6 Kh8 84. Nf4 Kg8 85. Ng6 1-0

[Event "GER CupT"]
[Site "Germany"]
[Date "2011.01.22"]
[Round "1.13"]
[White "Michalczak, Thomas"]
[Black "Vogel, Christian"]
[Result "0-1"]
[WhiteElo "2370"]
[BlackElo "2196"]
[PlyCount "58"]
[EventDate "2011.01.22"]
[EventType "team-k.o."]
[EventRounds "6"]
[EventCountry "GER"]
[SourceTitle "EXT 2016"]
[Source "ChessBase"]
[SourceDate "2015.10.08"]
[SourceVersion "1"]
[SourceVersionDate "2015.10.08"]
[SourceQuality "1"]
[WhiteTeam "Solingen"]
[BlackTeam "Saarbruecken"]
[WhiteTeamCountry "GER"]
[BlackTeamCountry "GER"]

1. e4 c5 2. c3 e6 3. Nf3 d5 4. exd5 exd5 5. d4 Nc6 6. Bb5 Bd6 7. 0-0 Nge7 8. dxc5 Bxc5 9. Nbd2 0-0 10. Nb3 Bd6 11. Bd3 Ng6 12. Bg5 Qc7 13. Bxg6 hxg6 14. Qxd5 Be6 15. Qe4 Rfe8 16. Qh4 f6 17. Be3 Bd5 18. Bc5 Bxc5 19. Nxc5 Bxf3 20. Qc4+ Kh8 21. gxf3 Ne5 22. Qd5 Rad8 23. Ne6 Qf7 24. Qxd8 Rxd8 25. Nxd8 Nxf3+ 26. Kg2 Qd5 27. Rfd1 Nd2+ 28. f3 Qxd8 29. Kf2 Qd3 0-1

[Event "Oberliga Sued W 1011"]
[Site "Germany"]
[Date "2010.12.12"]
[Round "4.6"]
[White "Bruch, Jochen"]
[Black "Vogel, Christian"]
[Result "1/2-1/2"]
[WhiteElo "2140"]
[BlackElo "2109"]
[PlyCount "86"]
[EventDate "2010.10.10"]
[EventType "team-tourn"]
[EventRounds "9"]
[EventCountry "GER"]
[SourceTitle "EXT 2012"]
[Source "ChessBase"]
[SourceDate "2011.11.24"]
[SourceVersion "1"]
[SourceVersionDate "2011.11.24"]
[SourceQuality "1"]
[WhiteTeam "Ludwigshafen"]
[BlackTeam "Saarbruecken SVG"]
[WhiteTeamCountry "GER"]
[BlackTeamCountry "GER"]

1. Nf3 d5 2. g3 Nf6 3. Bg2 Bf5 4. 0-0 h6 5. d3 e6 6. Nbd2 Be7 7. Qe1 0-0 8. e4 Bh7 9. Qe2 Nc6 10. a3 a5 11. b3 Nd7 12. Bb2 Nc5 13. Qe3 Qd7 14. e5 Rae8 15. Kh1 b6 16. Rac1 f6 17. exf6 Bxf6 18. Bxf6 Rxf6 19. Ne5 Nxe5 20. Qxe5 Qf7 21. f4 Rf5 22. Qe3 Nd7 23. d4 Qe7 24. c4 c5 25. cxd5 exd5 26. Qxe7 Rxe7 27. g4 Rf8 28. Bxd5+ Kh8 29. dxc5 Nxc5 30. Bc4 Rd7 31. Rf2 Rfd8 32. Nf3 Be4 33. Rcf1 Rd1 34. Kg1 Bxf3 35. Rxf3 Ne4 36. Rxd1 Rxd1+ 37. Rf1 Rd4 38. Kg2 Nd2 39. Rd1 a4 40. bxa4 Rxc4 41. Rxd2 Rxf4 42. Kg3 Rxa4 43. Rd3 Kh7 1/2-1/2

[Event "Saarland-ch MA 85th"]
[Site "Homburg"]
[Date "2010.04.02"]
[Round "8"]
[White "Vogel, Christian"]
[Black "Becker, Joerg"]
[Result "1-0"]
[WhiteElo "2227"]
[BlackElo "2154"]
[PlyCount "69"]
[EventDate "2010.03.27"]
[EventType "swiss"]
[EventRounds "9"]
[EventCountry "GER"]
[SourceTitle "EXT 2011"]
[Source "ChessBase"]
[SourceDate "2010.11.26"]
[SourceVersion "1"]
[SourceVersionDate "2010.11.26"]
[SourceQuality "1"]

1. e4 Nf6 2. e5 Nd5 3. d4 d6 4. c4 Nb6 5. exd6 cxd6 6. Be3 g6 7. Nc3 Bg7 8. Rc1 Nc6 9. b3 0-0 10. d5 Ne5 11. Be2 f5 12. Qd2 Nbd7 13. h3 f4 14. Bxf4 Nc5 15. Be3 Qa5 16. f4 Bf5 17. fxe5 Bxe5 18. Ne4 Qc7 19. Nxc5 Bg3+ 20. Bf2 dxc5 21. Bf3 Bf4 22. Be3 Qe5 23. Rc3 Bg3+ 24. Kd1 Be4 25. Bh6 Rf4 26. Ne2 Bxf3 27. Rxf3 Qa1+ 28. Qc1 Rd4+ 29. Nxd4 Qxd4+ 30. Ke2 Qe4+ 31. Qe3 Qc2+ 32. Qd2 Qe4+ 33. Kd1 Bh4 34. Qd3 Qe5 35. Qc3 1-0

[Event "GER-ch 81st"]
[Site "Bad Liebenzell"]
[Date "2010.03.09"]
[Round "5"]
[White "Vogel, Christian"]
[Black "Raykhman, Alexander"]
[Result "0-1"]
[WhiteElo "2263"]
[BlackElo "2352"]
[PlyCount "26"]
[EventDate "2010.03.05"]
[EventType "swiss"]
[EventRounds "9"]
[EventCountry "GER"]
[SourceTitle "CBM 135 Extra"]
[Source "ChessBase"]
[SourceDate "2010.05.04"]
[SourceVersion "1"]
[SourceVersionDate "2010.05.04"]
[SourceQuality "1"]

1. Nf3 Nf6 2. g3 g6 3. b3 Bg7 4. Bb2 0-0 5. Bg2 d6 6. d4 c5 7. dxc5 Qa5+ 8. Qd2 Qxc5 9. 0-0 d5 10. c4 dxc4 11. Rc1 Ne4 12. Bd4 Nxd2 13. Bxc5 Nxf3+ 0-1

[Event "GER-ch 81st"]
[Site "Bad Liebenzell"]
[Date "2010.03.08"]
[Round "4"]
[White "Vatter, Hans Joachim"]
[Black "Vogel, Christian"]
[Result "1-0"]
[WhiteElo "2328"]
[BlackElo "2263"]
[PlyCount "107"]
[EventDate "2010.03.05"]
[EventType "swiss"]
[EventRounds "9"]
[EventCountry "GER"]
[SourceTitle "CBM 135 Extra"]
[Source "ChessBase"]
[SourceDate "2010.05.04"]
[SourceVersion "1"]
[SourceVersionDate "2010.05.04"]
[SourceQuality "1"]

1. e4 c5 2. Nf3 d6 3. d4 cxd4 4. Nxd4 Nf6 5. Nc3 g6 6. Be3 Bg7 7. f3 Nc6 8. Qd2 0-0 9. 0-0-0 d5 10. Qe1 e5 11. Nxc6 bxc6 12. exd5 Nxd5 13. Bc5 Qg5+ 14. Kb1 Nxc3+ 15. Qxc3 e4 16. Bd4 Bxd4 17. Rxd4 exf3 18. Qxf3 Be6 19. Bc4 Qc5 20. Qd3 Bxc4 21. Qxc4 Qb6 22. Rf1 Qc7 23. h4 Rad8 24. h5 Rxd4 25. Qxd4 Rd8 26. Qf6 Rd6 27. Qf3 Rd5 28. h6 Rf5 29. Re1 Re5 30. Rd1 Re6 31. Qg3 Qc8 32. Qh4 Qe8 33. a3 f6 34. Qc4 Kf8 35. Qb4+ Kf7 36. Qb7+ Re7 37. Qb3+ Re6 38. Rd6 Qc8 39. Rxe6 Qxe6 40. Qb7+ Qe7 41. Qxc6 g5 42. c4 f5 43. Qd5+ Kf6 44. c5 f4 45. c6 Qe1+ 46. Kc2 Qe2+ 47. Kc3 Qe3+ 48. Kb4 Qb6+ 49. Kc4 Qa6+ 50. Kc3 Qf1 51. Qd6+ Kf7 52. Qd7+ Kf6 53. c7 Qc1+ 54. Kb3 1-0